Statistiques concernant Gares de l'Essonne

Cliquez ici pour prendre le quiz!

Statistiques générales

  • Ce quiz a été pris 163 fois
  • Le résultat moyen est 35 sur 69

Statistiques - réponses

Nombre de voyageursGares% Correct
914 295Evry
92%
11 258 509Evry - Courcouronnes
92%
40 222 510Juvisy
91%
6 654 818Brétigny
79%
3 150 915Etampes
78%
8 218 456Savigny sur Orge
77%
9 842 549Corbeil Essonnes
76%
16 190 236Massy - Palaiseau (Massy TGV)
73%
1 684 717Athis Mons
71%
4 014 188Sainte Geneviève des Bois
69%
2 495 409Viry Châtillon
69%
951 888Dourdan
68%
343 508Dourdan la Forêt
68%
1 372 333Ris Orangis
68%
1 725 668Arpajon
61%
3 466 862Saint Michel sur Orge
61%
2 707 994Epinay sur Orge
60%
941 474Palaiseau - Villebon
60%
597 764Saint Martin d'Etampes
59%
425 172Lardy
56%
4 525 768Yerres
56%
480 402Longjumeau
55%
1 061 473Palaiseau
54%
7 451 784Grigny Centre
53%
2 605 092Orsay Ville
53%
690 936Etrechy
52%
2 527 170Orangis - Bois de l'Epine
52%
941 424Massy Verrières
51%
1 027 095Chilly Mazarin
50%
769 431Gif sur Yvette
50%
624 015La Norville - Saint Germain les Arpajon
49%
6 458 442Vigneux sur Seine
49%
1 476 220Bouray
48%
177 504Chamarande
48%
1 441 406Marolles en Hurepoix
48%
515 602Breuillet - Bruyères le Châtel
47%
683 921Breuillet Village
47%
167 203Maisse
47%
5 141 272Brunoy
45%
454 785Igny
45%
4 074 620Montgeron - Crosne
45%
511 516Egly
44%
393 534La Ferté Alais
44%
965 477Mennecy
44%
726 989Bures sur Yvette
43%
2 937 587Le Bras de Fer
43%
131 344Sermaise
42%
489 424Gravigny - Balizy
40%
382 123Petit Vaux
40%
646 845Saint Chéron
40%
828 404Lozère
39%
204 775Villabé
39%
426 162Bièvres
38%
60 666Buno - Gironville
38%
924 106Le Guichet
38%
633 274Moulin Galant
38%
183 224Angerville
37%
485 406Ballancourt
36%
3 487 143Boussy Saint Antoine
36%
174 695Boutigny
35%
302 375Grand Bourg
34%
460 195La Hacquinière
34%
35 444Boigneville
33%
87 837Le Coudray Montceaux
32%
281 500Essonnes Robinson
28%
25 461Monnerville
28%
40 266Le Plessis Chenet
27%
576 015Courcelles sur Yvette
26%
20 584Guillerval
24%

Distribution des résultats

Percentile par nombre de réponses

% des personnes avec chaque résultat

Votre développement - résultats

Vous n’avez pas pris ce quiz